| 000 | 00535nam a2200181Ia 4500 | ||
|---|---|---|---|
| 008 | 131103s9999 xx 000 0 und d | ||
| 040 | _aLoreto College | ||
| 041 | _aEnglish | ||
| 082 |
_a378.42/ROB _bLCLIB/26111 |
||
| 100 | _aRobbins,Lord | ||
| 245 | 4 |
_aThe University in the modern world and other papers on higher education _cLord Robbins |
|
| 260 |
_aLondon _bMacmillan _c1966 |
||
| 300 |
_axiii,157 p. _c 22 cm. |
||
| 650 | _aHigher Education | ||
| 700 | _aGreat Britain - Higher Education | ||
| 850 | _aLCLIB | ||
| 942 | _cBK | ||
| 999 |
_c10843 _d61322 |
||